|
|
|
|
| LEADER |
00000cam a2200000 7i4500 |
| 001 |
0000001799 |
| 005 |
20011205.0 |
| 090 |
0 |
0 |
|a 634.956
|b PEN 1996
|
| 245 |
0 |
0 |
|a PENANAMAN jati di Malaysia
|c disusun & disunting oleh H. Aminah & M. S. Amir Husni
|
| 260 |
0 |
0 |
|a Kuala Lumpur :
|b Institut Penyelidikan Perhutanan Malaysia ,
|c 1996
|
| 300 |
|
|
|a 41 p. :
|b ill. ;
|c 23 cm.
|
| 440 |
0 |
0 |
|a FRIM technical information; n. 59
|
| 500 |
0 |
0 |
|a Bibliography : p. 41
|
| 650 |
0 |
0 |
|a Forests and forestry
|z Malaysia
|
| 650 |
0 |
0 |
|a Timber
|z Malaysia
|
| 650 |
0 |
0 |
|a Tree planting
|z Malaysia
|
| 700 |
0 |
1 |
|a Aminah H.
|
| 700 |
0 |
1 |
|a Amir Husni M. S.
|
| 710 |
1 |
1 |
|a Institut Penyelidikan Perhutanan Malaysia (FRIM)
|
| 998 |
|
|
|a JPSM
|
| 999 |
|
|
|a 0000002845
|b Monograph
|c Open Shelf
|e Default branch
|